| 000 | 00848nam a22001937a 4500 | ||
|---|---|---|---|
| 003 | OSt | ||
| 005 | 20260219151709.0 | ||
| 008 | 260219b |||||||| |||| 00| 0 eng d | ||
| 040 | _c0 | ||
| 082 | _aDPer 796.07 J826 January-October 2023 v. 42 n. 1-4 | ||
| 100 |
_aSimonton, Kelly L. _eauthor. _969651 |
||
| 245 |
_aInvestigating Middle School Students' Physical Education Emotions, Emotional Antecedents, Self-Esteem, and Intentions for Physical Activity / _cKelly L. simonton and Todd E. Layne |
||
| 260 |
_aChampaign, IL ; _bHuman Kinetics, Inc. , _cOctober 2023. |
||
| 300 |
_aVolume 42, pages 757-766 : _billustration ; _c29 cm. |
||
| 500 | _aJournal of Teaching in Physical Education, vol. 42 no. 4, pages 757-766, October 2023. | ||
| 700 |
_aSimonton, Kelly L. _eauthor. _969651 |
||
| 700 |
_aLayne, Todd E. _eauthor. _969652 |
||
| 942 |
_2ddc _cPER |
||
| 999 |
_c24367 _d24367 |
||